000 00560nam a22002057a 4500
001 00028627
005 20260321114214.0
008 260321b ag ||||| |||| 00| 0 spa d
020 _a950430796
040 _aAR-CcCEOS
_bspa
_cAR-CcCEOS
041 _aspa
080 _a159.964
090 _bMUT
100 _aDaniel Mutchinick
_9956
245 _aClinica del fin de análisis /
_cDaniel Mutchinick
260 _aBuenos Aires :
_bCálamus,
_c1999.
300 _a110 p. ;
_c24x15 cm.
655 0 _apsicología
_vpsiconoanalisis
_9124
942 _2udc
_cBK
_n0
999 _c28659
_d28659